000 00792nam a2200253Ia 4500
003 OSt
005 20220924124217.0
006 a|||||r|||| 00| 0
007 ta
008 220923b |||||||| |||| 00| 0 urd d
020 _c178
024 _a291056
037 _b4688, 09/03/2016, Kitabi Duniya
_cTextual
040 _aARTS
_cARTS
_burd
041 _2urd
_aurd
082 _aY:6.2.N, 168P4
100 _aQidwai. Mohammad Hashim Au.
245 0 _aJadeed hindustani ke siyasi aur samaj afkar.
260 _aNew Delhi
_b National Council for Promotion of Urdu Language India
_c2004
300 _a494p.
_ccm.
650 _aSOCIOLOGY
942 _hY:6.2.N, 168P4
_cTEXL
_2CC
999 _c418822
_d418822